| 000 | 00423nam a2200157Ia 4500 | ||
|---|---|---|---|
| 008 | 231217s9999 xx 000 0 und d | ||
| 020 | _a8178812908 | ||
| 041 | _aEnglish | ||
| 082 | _a658.11 DAS;1 | ||
| 100 | _aSeethapathi, K. Murthy, G R K ed | ||
| 245 | 0 | _aMergers and acquisitions V.4 | |
| 260 |
_c2004 _bI K International _aNew Delhi |
||
| 300 | _avi,220+A11 | ||
| 650 | _aMergers,acquisitions,V,4 | ||
| 942 | _cAA | ||
| 999 |
_c188131 _d188131 |
||